00627 2200217 4500001002100000005001500021035002000036007000300056008004100059020002200100082000800122084001400130100002700144245007500171250001100246260003500257300002300292600007500315856000800390990001100398INLIS00000000000039020260414100618 a0010-0426000049ta260414 0  a978-602-1874-84-4 a497 a497 UST p0 aUST.FAHRUR MU'IS,M.AG.1 aPANDUAN SHALAT LENGKAP ,TERJEMAH JUZ'AMMA & HADIS -HADIS PALING PENDEK aKEENAM aSOLO :bPQS SUMBER ILMU,c2017 a224 hlm ;c20,5 cm 4aPANDUAN SHALAT LENGKAP ,TERJEMAH JUZ'AMMA & HADIS -HADIS PALING PENDEK a400 a35.120